[Event "Open Vysočina 2017"]
[Site "Třebíč"]
[Date "2017.09.25"]
[Round "3"]
[White "Stork, Rostislav"]
[Black "Navratil-Sen., Jiri"]
[Result "1/2-1/2"]
[WhiteElo "1764"]
[BlackElo "2013"]
[PlyCount "28"]
[EventDate "2017.09.23"]

1. e4 c5 2. Nf3 d6 3. d4 cxd4 4. Nxd4 Nf6 5. Nc3 a6 6. Bc4 Nc6 7. Bb3 Na5 8.
Bg5 Nxb3 9. axb3 e6 10. O-O Be7 11. Qd3 O-O 12. Kh1 Bd7 13. f4 h6 14. Bh4 Ne8
1/2-1/2

[Event "Open Vysočina 2017"]
[Site "Třebíč"]
[Date "2017.09.25"]
[Round "3"]
[White "Freeland, Alex"]
[Black "Svoboda, Frantisek"]
[Result "1-0"]
[WhiteElo "1988"]
[BlackElo "1725"]
[PlyCount "63"]
[EventDate "2017.09.23"]

1. c4 c5 2. Nf3 Nc6 3. d4 cxd4 4. Nxd4 Nf6 5. Nc3 e6 6. g3 Be7 7. Bg2 O-O 8.
O-O a6 9. e4 Qc7 10. b3 Rd8 11. Be3 b6 12. Qe2 Bb7 13. Na4 Rab8 14. f3 Bc5 15.
Nxc5 bxc5 16. Nxc6 Bxc6 17. Bxc5 d6 18. Bd4 a5 19. Rab1 Nd7 20. Rfd1 Nc5 21.
Qe3 Na6 22. Qg5 e5 23. Bf2 f6 24. Qd2 Ba8 25. Rdc1 Nc5 26. Be1 Qb6 27. Qxa5 Qc6
28. Qd2 Ne6 29. Bf2 Qa6 30. b4 Rbc8 31. b5 Qb7 32. Bh3 1-0

[Event "Open Vysočina 2017"]
[Site "Třebíč"]
[Date "2017.09.25"]
[Round "3"]
[White "Haag, Guenter"]
[Black "Zeleny, Tomas"]
[Result "1/2-1/2"]
[WhiteElo "1978"]
[BlackElo "1688"]
[PlyCount "39"]
[EventDate "2017.09.23"]

1. e4 c5 2. g3 e6 3. Bg2 Nc6 4. Ne2 Nf6 5. O-O d5 6. exd5 exd5 7. d4 Be7 8. c3
O-O 9. Bg5 Bg4 10. f3 Bh5 11. Nf4 Bg6 12. Nxg6 hxg6 13. Be3 Qb6 14. Qd2 Rfe8
15. Bf2 Rad8 16. Rd1 a5 17. a4 cxd4 18. cxd4 Bb4 19. Nc3 Re7 20. Re1 1/2-1/2

[Event "Open Vysočina 2017"]
[Site "Třebíč"]
[Date "2017.09.25"]
[Round "3"]
[White "Svizensky, Lubos"]
[Black "Privoznik, Lubos"]
[Result "1-0"]
[WhiteElo "1976"]
[BlackElo "1658"]
[PlyCount "85"]
[EventDate "2017.09.23"]

1. d4 Nf6 2. Nf3 g6 3. c4 Bg7 4. Nc3 d5 5. cxd5 Nxd5 6. Bd2 Nxc3 7. Bxc3 O-O 8.
e4 e6 9. Rc1 Nd7 10. b4 Nf6 11. Qc2 c6 12. Be2 Re8 13. O-O Bd7 14. Rfd1 Qb6 15.
Nd2 Qc7 16. Nc4 Qf4 17. f3 Rad8 18. Bd2 Qb8 19. Bg5 Rc8 20. Qd2 Nh5 21. Bf1 f6
22. Be3 Bf8 23. g4 Ng7 24. a3 Red8 25. e5 f5 26. Bg5 Re8 27. Bf6 Rc7 28. Nd6
Rcc8 29. Nxc8 Rxc8 30. Qg5 Ne8 31. Be7 Nc7 32. Bxf8 Rxf8 33. Bc4 Nd5 34. Bxd5
cxd5 35. Qe7 Rf7 36. Qc5 fxg4 37. fxg4 Qd8 38. Qc3 Qh4 39. Qg3 Qg5 40. Rf1 Bb5
41. Rc8+ Kg7 42. Rxf7+ Kxf7 43. Qf3+ 1-0

[Event "Open Vysočina 2017"]
[Site "Třebíč"]
[Date "2017.09.25"]
[Round "3"]
[White "Svoboda, Ivo"]
[Black "Tarimo, Didik Widiarso"]
[Result "1/2-1/2"]
[WhiteElo "1949"]
[BlackElo "1542"]
[PlyCount "101"]
[EventDate "2017.09.23"]

1. d4 Nf6 2. c4 c5 3. d5 b5 4. Qc2 Bb7 5. e4 d6 6. Nf3 e6 7. Nc3 b4 8. Ne2 Be7
9. Ng3 O-O 10. Bd3 Nbd7 11. dxe6 fxe6 12. Ng5 Qa5 13. Nxe6 Rfe8 14. O-O Ne5 15.
Bd2 Qb6 16. Nf4 Bf8 17. Nd5 Qd8 18. Rae1 a5 19. f4 Nxd3 20. Qxd3 Nd7 21. Qf3 g6
22. e5 Kh8 23. exd6 Rxe1 24. Rxe1 Nb6 25. b3 Qxd6 26. Qe2 Nxd5 27. cxd5 Bg7 28.
Ne4 Qxd5 29. Ng5 Bd4+ 30. Kh1 Bc6 31. Nf3 Re8 32. Qf1 Bf6 33. Rxe8+ Bxe8 34.
Qe2 Bc6 35. Ne5 Bb7 36. Nc4 Ba6 37. Ne3 Qe6 38. Qf3 Kg7 39. h3 a4 40. f5 Qd6
41. fxg6 hxg6 42. Ng4 axb3 43. axb3 Qd4 44. Bh6+ Kf7 45. Qxf6+ Qxf6 46. Nxf6
Kxf6 47. Be3 c4 48. bxc4 Bxc4 49. Bd4+ Kf5 50. Kg1 Ke4 51. Bf6 1/2-1/2

[Event "Open Vysočina 2017"]
[Site "Třebíč"]
[Date "2017.09.25"]
[Round "3"]
[White "Reimer, Karl"]
[Black "Mezlik, Stanislav"]
[Result "0-1"]
[WhiteElo "1537"]
[BlackElo "1903"]
[PlyCount "74"]
[EventDate "2017.09.23"]

1. b4 {[%emt 0:00:00]} e5 2. Bb2 Bxb4 3. Bxe5 Nf6 4. c4 O-O 5. e3 d5 6. cxd5
Nxd5 7. Nf3 Nc6 8. Bb2 Be7 9. Be2 Bf6 10. Bxf6 Qxf6 11. d4 Bf5 12. O-O Ncb4 13.
Qb3 Bc2 14. Qc4 Be4 15. Nbd2 Bxf3 16. Bxf3 c6 17. e4 b5 18. Qb3 Qxd4 19. Rfd1
Nc3 20. Qb2 Ne2+ 21. Bxe2 Qxb2 22. Rab1 Qc3 23. Nf3 Qc5 24. Rdc1 Qe7 25. a3 Na6
26. Rxc6 Nc7 27. Rbc1 Ne6 28. Bxb5 g6 29. a4 Rab8 30. h3 Rfd8 31. R6c4 Rb6 32.
e5 a6 33. Bc6 Ng5 34. a5 Rxc6 35. Rxc6 Nxf3+ 36. gxf3 Qxe5 37. Rxa6 Qg5+ 0-1

[Event "Open Vysočina 2017"]
[Site "Třebíč"]
[Date "2017.09.25"]
[Round "3"]
[White "Zeleny, Ondrej"]
[Black "Spanton, Tim R"]
[Result "0-1"]
[WhiteElo "1356"]
[BlackElo "1858"]
[PlyCount "50"]
[EventDate "2017.09.23"]

1. Nf3 {[%emt 0:00:00]} Nc6 2. d4 d5 3. c4 Bg4 4. cxd5 Bxf3 5. dxc6 Bxc6 6. Nc3
Nf6 7. Bf4 e6 8. f3 Nh5 9. Bd2 Qh4+ 10. g3 Nxg3 11. Bg5 Qxg5 12. hxg3 Qxg3+ 13.
Kd2 O-O-O 14. Kc2 Bc5 15. Ne4 Bxe4+ 16. fxe4 Rxd4 17. Rh3 Rxd1 18. Rxg3 Rxa1
19. Bg2 Rxa2 20. e5 Bd4 21. Rb3 b6 22. Kb1 Ra5 23. Rf3 Rxe5 24. Rxf7 Rxe2 25.
Bc6 Rxb2+ 0-1

[Event "Open Vysočina 2017"]
[Site "Třebíč"]
[Date "2017.09.25"]
[Round "3"]
[White "Michalek, Miroslav"]
[Black "Oburka, Vladislav"]
[Result "0-1"]
[WhiteElo "1720"]
[BlackElo "1808"]
[PlyCount "72"]
[EventDate "2017.09.23"]

1. e4 d5 2. exd5 Nf6 3. Bb5+ Bd7 4. Be2 Nxd5 5. d4 e6 6. Nf3 Nc6 7. c4 Nf6 8.
O-O Ne7 9. Ne5 Ng6 10. Nc3 c5 11. Bg5 Be7 12. Bf3 Rb8 13. Re1 O-O 14. Nxg6 hxg6
15. Bf4 cxd4 16. Bxb8 dxc3 17. Be5 cxb2 18. Bxb2 Qc7 19. Rc1 Rd8 20. Qe2 Ba4
21. h3 Bb4 22. Bc3 Bc5 23. Qb2 b6 24. Bxf6 gxf6 25. Qxf6 Rd2 26. Re2 Rd3 27.
Be4 Rd4 28. Bb1 Bd1 29. Re1 Ba4 30. Re4 Rd2 31. Rh4 Bxf2+ 32. Kh1 Bxh4 33. Qxh4
Bc6 34. Rg1 Qd6 35. Qg5 Qd4 36. h4 Rd1 0-1

[Event "Open Vysočina 2017"]
[Site "Třebíč"]
[Date "2017.09.25"]
[Round "3"]
[White "Palla, Ivan"]
[Black "Micka, Josef"]
[Result "1/2-1/2"]
[WhiteElo "1550"]
[BlackElo "1345"]
[PlyCount "23"]
[EventDate "2017.09.23"]

1. Nf3 {[%emt 0:00:00]} d6 2. g3 Nf6 3. Bg2 g6 4. b3 Bg7 5. Bb2 O-O 6. O-O c6
7. d3 Nbd7 8. Nbd2 Re8 9. e4 e5 10. Nc4 Qc7 11. Rb1 b5 12. Ne3 1/2-1/2

[Event "Open Vysočina 2017"]
[Site "Třebíč"]
[Date "2017.09.25"]
[Round "3"]
[White "Ruzicka, Vaclav"]
[Black "Zacharias, Miroslav"]
[Result "0-1"]
[WhiteElo "1528"]
[BlackElo "1777"]
[PlyCount "66"]
[EventDate "2017.09.23"]

1. d4 {[%emt 0:00:00]} d5 2. c4 Nc6 3. e3 e5 4. dxe5 d4 5. exd4 Qxd4 6. Qxd4
Nxd4 7. Bd3 Be6 8. b3 O-O-O 9. Be3 Bb4+ 10. Bd2 Bxd2+ 11. Nxd2 Nc6 12. Bc2 Nxe5
13. Ngf3 Nd3+ 14. Bxd3 Rxd3 15. Ne5 Rd8 16. O-O-O Ne7 17. h3 f6 18. Nef3 Bf5
19. g4 Bg6 20. Rhe1 Nc6 21. a3 Rd3 22. Re3 Rhd8 23. Rxd3 Rxd3 24. Kb2 a5 25.
Re1 Ne5 26. Re3 Kd8 27. Kc1 Rxe3 28. fxe3 Nd3+ 29. Kc2 Nf2+ 30. Kc3 c5 31. e4
Nxh3 32. e5 Nf2 33. exf6 Nd1# 0-1

[Event "Open Vysočina 2017"]
[Site "Třebíč"]
[Date "2017.09.25"]
[Round "3"]
[White "Rychtecky, Pavel"]
[Black "Navratilova, Alena"]
[Result "1/2-1/2"]
[WhiteElo "1527"]
[BlackElo "1692"]
[PlyCount "41"]
[EventDate "2017.09.23"]

1. e4 {[%emt 0:00:00]} e6 2. d4 d5 3. Nc3 dxe4 4. Nxe4 Nd7 5. Nf3 h6 6. h3 Ngf6
7. Nxf6+ Nxf6 8. Bd3 Bd6 9. Qe2 O-O 10. O-O b6 11. c4 Bb7 12. Bd2 c5 13. dxc5
Bxc5 14. b4 Bd6 15. Bc3 Re8 16. Ne5 Qe7 17. a3 Bxe5 18. Qxe5 Rac8 19. g4 Qc7
20. Qxc7 Rxc7 21. Bxf6 1/2-1/2

[Event "Open Vysočina 2017"]
[Site "Třebíč"]
[Date "2017.09.25"]
[Round "3"]
[White "Divis, Jan"]
[Black "Keerthana, Easwar"]
[Result "1-0"]
[WhiteElo "1570"]
[BlackElo "1159"]
[PlyCount "101"]
[EventDate "2017.09.23"]

1. d4 Nf6 2. Bf4 e6 3. e3 b6 4. Nd2 Bb7 5. Ngf3 Be7 6. c3 d6 7. Be2 O-O 8. O-O
Nbd7 9. Qc2 c5 10. Rad1 Rc8 11. Qb1 cxd4 12. exd4 Re8 13. Rfe1 Qc7 14. Bd3 Bxf3
15. Nxf3 Qc6 16. h3 d5 17. Bh2 b5 18. a3 Qb7 19. Ne5 h6 20. f4 Nxe5 21. fxe5
Nd7 22. Rf1 a6 23. Bh7+ Kh8 24. Rxf7 Rf8 25. Rxe7 Rce8 26. Rxe8 Rxe8 27. Bg6
Rf8 28. Rf1 Qc8 29. Rxf8+ Qxf8 30. Qf1 Qxf1+ 31. Kxf1 Kg8 32. Bd3 Nb6 33. b3
Nd7 34. Ke2 Nb6 35. Kd2 Kf7 36. g4 g5 37. Bg3 Kg7 38. h4 gxh4 39. Bxh4 Kf7 40.
Bf2 Kg8 41. Bh4 Kf7 42. Bd8 Nd7 43. a4 bxa4 44. bxa4 a5 45. Bxa5 Nb8 46. Bb5
Ke7 47. Bc7 Nd7 48. Bd6+ Kd8 49. Bxd7 Kxd7 50. Bf8 Kc6 51. Bxh6 1-0

[Event "Open Vysočina 2017"]
[Site "Třebíč"]
[Date "2017.09.25"]
[Round "3"]
[White "Zelena, Irena"]
[Black "Kovacs, Ivan"]
[Result "0-1"]
[WhiteElo "1164"]
[BlackElo "1552"]
[PlyCount "120"]
[EventDate "2017.09.23"]

1. c4 {[%emt 0:00:00]} e6 2. Nc3 Nf6 3. g3 Bb4 4. Bg2 Bxc3 5. bxc3 O-O 6. d3 c6
7. Rb1 Qa5 8. Qb3 d5 9. c5 Qxc5 10. Ba3 Qa5 11. Bb4 Qc7 12. Bxf8 Kxf8 13. c4
Na6 14. d4 Qa5+ 15. Kf1 Rb8 16. Nf3 Ne4 17. Rb2 Nd6 18. Ne5 f6 19. Nxc6 bxc6
20. Qc2 Rxb2 21. Qxb2 Nxc4 22. Qc2 Qd2 23. Qxd2 Nxd2+ 24. Ke1 Nc4 25. f3 Nb4
26. Kf2 a5 27. a3 Nxa3 28. h4 h6 29. Ra1 Nc4 30. Rb1 Ke7 31. e4 Kd6 32. g4 c5
33. dxc5+ Kxc5 34. Bf1 Ba6 35. Bxc4 Bxc4 36. Kg3 a4 37. Ra1 Bb3 38. Rc1+ Nc2
39. exd5 exd5 40. Kf4 a3 41. Kf5 a2 42. Kg6 a1=Q 43. Rxa1 Nxa1 44. Kxg7 d4 45.
Kxh6 d3 46. g5 fxg5 47. hxg5 d2 48. g6 d1=Q 49. Kh7 Qd7+ 50. g7 Qf7 51. f4 Qg8+
52. Kh6 Kd6 53. f5 Ke7 54. Kg6 Bc2 55. Kh6 Kf6 56. Kh5 Qxg7 57. Kh4 Kxf5 58.
Kh3 Kf4 59. Kh2 Kf3 60. Kh1 Qg2# 0-1

[Event "Open Vysočina 2017"]
[Site "Třebíč"]
[Date "2017.09.26"]
[Round "4"]
[White "Pribyl, Josef"]
[Black "Bick, Gabriel J"]
[Result "1/2-1/2"]
[WhiteElo "2263"]
[BlackElo "2264"]
[PlyCount "25"]
[EventDate "2017.09.23"]

1. c4 Nf6 2. Nf3 g6 3. g3 Bg7 4. Bg2 O-O 5. Nc3 d6 6. O-O Nc6 7. Rb1 a5 8. a3
e5 9. b4 axb4 10. axb4 Re8 11. b5 Nd4 12. d3 Bg4 13. e3 1/2-1/2

[Event "Open Vysočina 2017"]
[Site "Třebíč"]
[Date "2017.09.26"]
[Round "4"]
[White "Bartos, Jan"]
[Black "Walek, Petr"]
[Result "1/2-1/2"]
[WhiteElo "2209"]
[BlackElo "2167"]
[PlyCount "52"]
[EventDate "2017.09.23"]

1. d4 {[%emt 0:00:00]} Nf6 2. c4 g6 3. Nc3 Bg7 4. e4 d6 5. f3 O-O 6. Be3 c6 7.
Bd3 e5 8. d5 c5 9. Nge2 Na6 10. Qd2 Bd7 11. Ng3 Rb8 12. O-O h5 13. Bg5 Qe8 14.
Nb5 Bxb5 15. cxb5 Nc7 16. Qa5 b6 17. Qxa7 Nxb5 18. Qa4 Nd4 19. Qxe8 Rfxe8 20.
a4 Rec8 21. Bc4 Nd7 22. Rfc1 Kh7 23. Ne2 Nxe2+ 24. Bxe2 Bh6 25. Bxh6 Kxh6 26.
Bb5 Nf6 1/2-1/2

[Event "Open Vysočina 2017"]
[Site "Třebíč"]
[Date "2017.09.26"]
[Round "4"]
[White "Certek, Pavel"]
[Black "Plischki, Sebastian"]
[Result "1/2-1/2"]
[WhiteElo "2277"]
[BlackElo "2397"]
[PlyCount "47"]
[EventDate "2017.09.23"]

1. d4 {[%emt 0:00:00]} Nf6 2. Nf3 g6 3. g3 Bg7 4. Bg2 O-O 5. O-O d6 6. b3 e5 7.
dxe5 dxe5 8. Bb2 e4 9. Nd4 a6 10. c3 c5 11. Nc2 Qe7 12. Qc1 Nc6 13. Nd2 b5 14.
f4 exf3 15. exf3 Bb7 16. Re1 Qc7 17. f4 Rad8 18. Ne3 Rfe8 19. Qc2 Qb6 20. Ndf1
Nd4 21. cxd4 cxd4 22. Bxb7 Qxb7 23. Ng2 Ne4 24. Qd3 1/2-1/2

[Event "Open Vysočina 2017"]
[Site "Třebíč"]
[Date "2017.09.26"]
[Round "4"]
[White "Freeland, Alex"]
[Black "Piankov, Evgenij"]
[Result "0-1"]
[WhiteElo "1988"]
[BlackElo "2258"]
[PlyCount "102"]
[EventDate "2017.09.23"]

1. c4 c6 2. d4 d5 3. Nf3 Nf6 4. Nc3 a6 5. e3 b5 6. b3 Bg4 7. Be2 e6 8. O-O Be7
9. h3 Bh5 10. Bd2 O-O 11. Rc1 Ba3 12. Ra1 Nbd7 13. Ne5 Bxe2 14. Qxe2 Nxe5 15.
dxe5 Nd7 16. cxd5 cxd5 17. f4 Rc8 18. Nd1 Qc7 19. b4 Qc2 20. Rf2 Rc4 21. Qe1
Qd3 22. Bc3 Rfc8 23. Rd2 Qe4 24. Nf2 Qg6 25. Rd3 Nb6 26. Bd2 Bb2 27. Rb1 Na4
28. Rb3 Bc3 29. Bxc3 Nxc3 30. R1b2 Na4 31. Rd2 h6 32. Kh2 Nc3 33. a3 Ne4 34.
Nxe4 Qxe4 35. Rbd3 Rc1 36. Qe2 Ra1 37. Rd1 Rcc1 38. Rxc1 Rxc1 39. Qd2 Qc4 40.
Kg3 Rc2 41. Qd1 Qa2 42. Qf1 Qb2 43. Qf3 Rc3 44. Qd1 Qxa3 45. Rxc3 Qxc3 46. Qd4
Qxd4 47. exd4 Kf8 48. Kf3 Ke7 49. g4 Kd7 50. h4 g6 51. Ke3 Kc6 0-1

[Event "Open Vysočina 2017"]
[Site "Třebíč"]
[Date "2017.09.26"]
[Round "4"]
[White "Tesar, Jan"]
[Black "Pavlis, Jaromir"]
[Result "0-1"]
[WhiteElo "2118"]
[BlackElo "1879"]
[PlyCount "118"]
[EventDate "2017.09.23"]

1. d4 d5 2. Nf3 Bf5 3. g3 c6 4. Bg2 Nf6 5. O-O e6 6. c4 Nbd7 7. Bf4 Be7 8. Nc3
Ne4 9. Nd2 Nxd2 10. Qxd2 Nf6 11. f3 dxc4 12. e4 Bg6 13. Rad1 Bb4 14. Qe2 b5 15.
Be5 Bxc3 16. bxc3 O-O 17. g4 h6 18. Bg3 Qa5 19. Qe3 Rac8 20. Bh4 Nh7 21. f4 f6
22. Bg3 Rfe8 23. h4 Qb6 24. Bf2 h5 25. Qg3 Qc7 26. Bf3 e5 27. gxh5 Bf7 28. dxe5
fxe5 29. h6 g6 30. f5 Kh8 31. Kh1 Rg8 32. Rd7 Qxd7 33. Qxe5+ Nf6 34. Qxf6+ Kh7
35. Rd1 Qc7 36. Bg4 Rcf8 37. Bc5 Bd5 38. Qd4 gxf5 39. exd5 Qg3 40. Qe3 Qxe3 41.
Bxe3 Rxg4 42. Bg5 cxd5 43. Rxd5 Rf7 44. Rxb5 f4 45. Rb2 f3 46. Rf2 a6 47. Kh2
Rg2+ 48. Rxg2 f2 49. Rxf2 Rxf2+ 50. Kg3 Rc2 51. Bf6 Rxa2 52. Kf3 Rd2 53. Ke4 a5
54. Bg7 Rd3 55. Bd4 a4 56. Bc5 Kxh6 57. Bb4 Kh5 58. Kf5 Kxh4 59. Kf4 Kh3 0-1

[Event "Open Vysočina 2017"]
[Site "Třebíč"]
[Date "2017.09.26"]
[Round "4"]
[White "Mezlik, Stanislav"]
[Black "Leutwyler, Mathias"]
[Result "0-1"]
[WhiteElo "1903"]
[BlackElo "2103"]
[PlyCount "46"]
[EventDate "2017.09.23"]

1. d4 d5 2. Nf3 Nf6 3. c4 dxc4 4. Nc3 a6 5. g3 b5 6. Bg2 Bb7 7. O-O e6 8. Qc2
c5 9. Rd1 Qb6 10. b3 cxd4 11. Nxd4 Bxg2 12. Kxg2 Bc5 13. e3 Bxd4 14. exd4 cxb3
15. Qxb3 O-O 16. Kg1 Nbd7 17. Be3 Ng4 18. Ne4 Nxe3 19. fxe3 Qc6 20. Qd3 Rac8
21. Rd2 Qd5 22. Rad1 h6 23. Rc2 Ne5 0-1

[Event "Open Vysočina 2017"]
[Site "Třebíč"]
[Date "2017.09.26"]
[Round "4"]
[White "Vincze, Roman"]
[Black "Svizensky, Lubos"]
[Result "1-0"]
[WhiteElo "2099"]
[BlackElo "1976"]
[PlyCount "126"]
[EventDate "2017.09.23"]

1. d4 Nf6 2. Bg5 Ne4 3. Bf4 d5 4. Nd2 Bf5 5. Ngf3 e6 6. e3 Bd6 7. Bxd6 Qxd6 8.
a3 c5 9. c4 Nxd2 10. Qxd2 dxc4 11. Bxc4 O-O 12. dxc5 Qxc5 13. Rc1 Qb6 14. Nd4
Rd8 15. Qc3 Bg6 16. O-O Nc6 17. Nf3 Rac8 18. Qb3 Qxb3 19. Bxb3 Kf8 20. Rfd1
Rxd1+ 21. Bxd1 Rd8 22. Kf1 Ke7 23. Ke1 f6 24. Be2 Rd6 25. g3 a6 26. b4 Bd3 27.
Rc3 Bxe2 28. Kxe2 e5 29. Nd2 Nd8 30. Rc7+ Rd7 31. Rc8 Ne6 32. Ne4 f5 33. Nc5
Nxc5 34. Rxc5 Ke6 35. f4 e4 36. g4 g6 37. gxf5+ gxf5 38. b5 axb5 39. Rxb5 Rc7
40. h4 h5 41. Rb6+ Kf7 42. Rh6 Rc2+ 43. Kd1 Rc3 44. Rxh5 Rxa3 45. Rxf5+ Kg6 46.
Rg5+ Kf6 47. Kd2 Rd3+ 48. Ke2 Rb3 49. Re5 Rb2+ 50. Kd1 Rh2 51. h5 Kf7 52. Rb5
Kf6 53. Rxb7 Kf5 54. Re7 Rh3 55. Kd2 Rh2+ 56. Kc3 Re2 57. Re5+ Kg4 58. Rxe4
Kxh5 59. Kd3 Ra2 60. Re5+ Kg4 61. Ke4 Ra4+ 62. Kd5 Kf3 63. Ke6 Ra3 1-0

[Event "Open Vysočina 2017"]
[Site "Třebíč"]
[Date "2017.09.26"]
[Round "4"]
[White "Spanton, Tim R"]
[Black "Lampir, Tomas"]
[Result "1/2-1/2"]
[WhiteElo "1858"]
[BlackElo "2077"]
[PlyCount "97"]
[EventDate "2017.09.23"]

1. e4 {[%emt 0:00:00]} e5 2. Nf3 Nc6 3. Bb5 f5 4. d4 fxe4 5. Bxc6 dxc6 6. Nxe5
Nf6 7. Bg5 Bf5 8. O-O Qe7 9. c3 O-O-O 10. b4 h6 11. Be3 Nd7 12. Nxd7 Qxd7 13.
Nd2 Bd6 14. Nc4 Qf7 15. Nxd6+ Rxd6 16. f4 Rg6 17. Qd2 Rg4 18. a4 Qc4 19. b5 Rg6
20. bxc6 Rxc6 21. d5 Rd8 22. Rfd1 Rcd6 23. Qd4 Qxd4 24. Rxd4 Rxd5 25. Rad1 Rxd4
26. Rxd4 Rxd4 27. Bxd4 g6 28. a5 a6 29. Kf2 Kd7 30. Ke3 Kc6 31. Be5 b6 32. axb6
cxb6 33. g4 Bxg4 34. Kxe4 Kc5 35. Bd4+ Kb5 36. c4+ Kxc4 37. Bxb6 Kb5 38. Bd4 a5
39. Kd3 a4 40. Kc3 Be6 41. Be5 Kc5 42. Bg7 h5 43. h4 a3 44. Bf8+ Kd5 45. Bxa3
Ke4 46. Bd6 Kf5 47. Kd3 Kg4 48. Be7 Kxf4 49. Bg5+ 1/2-1/2

[Event "Open Vysočina 2017"]
[Site "Třebíč"]
[Date "2017.09.26"]
[Round "4"]
[White "Siebenburger, Vlastimil"]
[Black "Kalveus, Jan"]
[Result "1-0"]
[WhiteElo "2059"]
[BlackElo "1867"]
[PlyCount "63"]
[EventDate "2017.09.23"]

1. e4 e6 2. d4 d5 3. e5 c5 4. c3 Nc6 5. Nf3 Qb6 6. Bd3 cxd4 7. cxd4 Nb4 8. Be2
Bd7 9. Nc3 Rc8 10. O-O Ne7 11. a3 Nbc6 12. Na4 Qc7 13. b4 Nf5 14. Bb2 Be7 15.
Rc1 Qd8 16. Nc5 Rb8 17. Bb5 Nxe5 18. Nxd7 Nxd7 19. Ne5 f6 20. Nxd7 a6 21. Ba4
b5 22. Nxb8 Qxb8 23. Bc2 Nd6 24. Qh5+ Kd7 25. Bd3 Nc4 26. Bxc4 bxc4 27. Rfe1 g6
28. Qe2 Qd6 29. a4 Bd8 30. b5 axb5 31. axb5 h5 32. Ba3 1-0

[Event "Open Vysočina 2017"]
[Site "Třebíč"]
[Date "2017.09.26"]
[Round "4"]
[White "Oburka, Vladislav"]
[Black "Heppell, Ian N"]
[Result "0-1"]
[WhiteElo "1808"]
[BlackElo "2034"]
[PlyCount "64"]
[EventDate "2017.09.23"]

1. e4 {[%emt 0:00:00]} e5 2. Nf3 d6 3. d4 exd4 4. Nxd4 Nf6 5. Nc3 Be7 6. Bc4
O-O 7. O-O a6 8. a4 Nc6 9. Nxc6 bxc6 10. h3 Nd7 11. Be3 Bf6 12. Bd4 Ne5 13. Be2
c5 14. Be3 Rb8 15. Rb1 Nc6 16. Qd2 Re8 17. f3 Nd4 18. Bc4 c6 19. Nd1 d5 20.
exd5 cxd5 21. Ba2 Bf5 22. Rc1 Qd7 23. Bf4 Re2 24. Qa5 Rbe8 25. Nf2 Nxf3+ 26.
Kh1 Bd4 27. Bg3 Nd2 28. Qxa6 Nxf1 29. Rxf1 Rxc2 30. Bb1 Rxb2 31. Bxf5 Qxf5 32.
Nd3 Qxf1+ 0-1

[Event "Open Vysočina 2017"]
[Site "Třebíč"]
[Date "2017.09.26"]
[Round "4"]
[White "Haag, Guenter"]
[Black "Stork, Rostislav"]
[Result "1/2-1/2"]
[WhiteElo "1978"]
[BlackElo "1764"]
[PlyCount "35"]
[EventDate "2017.09.23"]

1. e4 e5 2. Nf3 Nf6 3. Bc4 Nxe4 4. Nc3 Nxc3 5. dxc3 Be7 6. Nxe5 O-O 7. O-O d6
8. Nf3 Nc6 9. h3 Be6 10. Bd5 Bf6 11. Re1 Bxd5 12. Qxd5 Qd7 13. Bg5 Bxg5 14.
Nxg5 h6 15. Nf3 Rfe8 16. Rad1 Rxe1+ 17. Rxe1 Re8 18. Kf1 1/2-1/2

[Event "Open Vysočina 2017"]
[Site "Třebíč"]
[Date "2017.09.26"]
[Round "4"]
[White "Brasoy, Aksel"]
[Black "Tarimo, Didik Widiarso"]
[Result "1-0"]
[WhiteElo "1964"]
[BlackElo "1542"]
[PlyCount "135"]
[EventDate "2017.09.23"]

1. d4 Nf6 2. c4 e6 3. Nc3 d5 4. cxd5 exd5 5. Bg5 Be7 6. e3 c6 7. Bd3 h6 8. Bf4
Nbd7 9. h3 O-O 10. Nf3 Re8 11. O-O Nf8 12. Qc2 Bd6 13. Be5 Qe7 14. a3 N6d7 15.
Bxd6 Qxd6 16. e4 dxe4 17. Nxe4 Qf4 18. Rfe1 Kh8 19. Nc3 Nf6 20. Rxe8 Nxe8 21.
Ne2 Qf6 22. Ne5 Nd6 23. Rd1 Ne6 24. Nxc6 Bd7 25. Ne5 Be8 26. Nf3 Rc8 27. Qd2 a6
28. Qb4 Qd8 29. d5 Nc5 30. Nc3 b5 31. Qf4 Nxd3 32. Rxd3 Nc4 33. Ne5 f6 34. Nxc4
Rxc4 35. Rd4 Rc5 36. d6 g5 37. Qd2 Bc6 38. Nd5 Kg7 39. b4 Rc4 40. Rxc4 bxc4 41.
Nc7 Qd7 42. Qd4 Bb5 43. a4 Bxa4 44. Nxa6 c3 45. Qxc3 Qxd6 46. Qc7+ Qxc7 47.
Nxc7 f5 48. g3 Kf6 49. h4 gxh4 50. gxh4 Bd7 51. b5 f4 52. b6 Bc6 53. Na6 Kf5
54. Nc5 Kg4 55. b7 Bxb7 56. Nxb7 Kxh4 57. Nc5 Kg4 58. Ne6 Kf3 59. Nd4+ Ke4 60.
Nc2 Kf3 61. Ne1+ Ke2 62. Ng2 Kf3 63. Kf1 Kg4 64. Ne1 h5 65. Kg1 h4 66. Kg2 h3+
67. Kh2 f3 68. Nd3 1-0

[Event "Open Vysočina 2017"]
[Site "Třebíč"]
[Date "2017.09.26"]
[Round "4"]
[White "Zeleny, Tomas"]
[Black "Svoboda, Ivo"]
[Result "1/2-1/2"]
[WhiteElo "1688"]
[BlackElo "1949"]
[PlyCount "84"]
[EventDate "2017.09.23"]

1. d4 Nf6 2. Bf4 g6 3. e3 Bg7 4. h3 d6 5. Nf3 O-O 6. c4 Nbd7 7. Nc3 c6 8. Be2
Re8 9. O-O a6 10. a4 b6 11. Qd2 Bb7 12. Rfd1 Qc8 13. Bh2 h5 14. e4 e5 15. dxe5
dxe5 16. Qc2 a5 17. c5 Nxc5 18. Nxe5 Ba6 19. Rd6 Rxe5 20. Bxe5 Nfxe4 21. Nxe4
Bxe5 22. Nxc5 Bxe2 23. Rxg6+ fxg6 24. Qxe2 Qf5 25. Qc4+ Kh7 26. Nd3 Rf8 27. Re1
Bxb2 28. Re7+ Bg7 29. Qc3 Qf6 30. Qe1 Rf7 31. Re6 Qa1 32. Qxa1 Bxa1 33. Rxc6
Rd7 34. Ne1 Rd4 35. Rxb6 Rxa4 36. Nf3 Bc3 37. Ra6 Ra1+ 38. Kh2 a4 39. Ng5+ Kg7
40. f4 a3 41. Ra7+ Kf8 42. Ne6+ Ke8 1/2-1/2

[Event "Open Vysočina 2017"]
[Site "Třebíč"]
[Date "2017.09.26"]
[Round "4"]
[White "Aird, Ian"]
[Black "Divis, Jan"]
[Result "1/2-1/2"]
[WhiteElo "1809"]
[BlackElo "1570"]
[PlyCount "71"]
[EventDate "2017.09.23"]

1. c4 {[%emt 0:00:00]} c5 2. Nf3 Nf6 3. e3 Nc6 4. d4 cxd4 5. exd4 e6 6. d5 exd5
7. cxd5 Bb4+ 8. Nc3 Qe7+ 9. Be3 Ne5 10. Be2 O-O 11. O-O Bxc3 12. bxc3 d6 13. h3
b6 14. Re1 Bb7 15. c4 Rfc8 16. Rc1 Rc7 17. Bf4 Nxf3+ 18. Bxf3 Qd8 19. Qd4 Rac8
20. g4 Ba6 21. Be2 Rc5 22. Bd3 h6 23. Kg2 g5 24. Bd2 Nd7 25. Bc3 f6 26. Qe4 Nf8
27. Qf5 Bxc4 28. Bxc4 Rxc4 29. Bxf6 Qd7 30. Qb1 Rxc1 31. Rxc1 Rxc1 32. Qxc1 Qf7
33. Bb2 Qxd5+ 34. Kg1 Qc5 35. Qe1 Qc2 36. Ba1 1/2-1/2

[Event "Open Vysočina 2017"]
[Site "Třebíč"]
[Date "2017.09.26"]
[Round "4"]
[White "Svoboda, Frantisek"]
[Black "Reimer, Karl"]
[Result "1-0"]
[WhiteElo "1725"]
[BlackElo "1537"]
[PlyCount "63"]
[EventDate "2017.09.23"]

1. c4 Nf6 2. Nc3 d6 3. d3 g6 4. e4 c6 5. f4 Bg7 6. Nf3 Nbd7 7. Be2 a6 8. O-O
Qb6+ 9. Kh1 Ng4 10. d4 Ngf6 11. Qb3 O-O 12. Qxb6 Nxb6 13. Be3 Nbd7 14. h3 Nh5
15. Kh2 h6 16. g4 Nhf6 17. e5 Ne8 18. Rg1 Kh7 19. Bd3 dxe5 20. dxe5 e6 21. Nh4
f6 22. Nxg6 f5 23. Nxf8+ Nxf8 24. Rg2 Ng6 25. Rag1 Nf8 26. h4 Bd7 27. h5 b5 28.
c5 Ra7 29. Ne2 Bc8 30. Nd4 Rd7 31. gxf5 Rd5 32. f6+ 1-0

[Event "Open Vysočina 2017"]
[Site "Třebíč"]
[Date "2017.09.26"]
[Round "4"]
[White "Privoznik, Lubos"]
[Black "Zeleny, Ondrej"]
[Result "1-0"]
[WhiteElo "1658"]
[BlackElo "1356"]
[PlyCount "71"]
[EventDate "2017.09.23"]

1. e4 {[%emt 0:00:00]} c5 2. Nc3 d6 3. f4 g6 4. Nf3 Bg7 5. h3 Nc6 6. Bb5 Bd7 7.
d3 a6 8. Bxc6 Bxc6 9. Qe2 e6 10. Bd2 Ne7 11. Qf2 O-O 12. g4 f5 13. Ng5 Qd7 14.
Rh2 h6 15. Nf3 fxg4 16. hxg4 b5 17. Rb1 c4 18. Ne2 d5 19. e5 Bb7 20. Qg3 Rad8
21. d4 Rf7 22. Nh4 Kh7 23. Ng1 Rh8 24. Ngf3 Kg8 25. Bb4 Kh7 26. Ke2 g5 27. fxg5
Kg8 28. Bxe7 Qxe7 29. Ng6 Qd8 30. Nxh8 Kxh8 31. gxh6 Bf8 32. g5 Rf5 33. g6 Be7
34. Rg1 Qg8 35. g7+ Kh7 36. Qg6# 1-0